| 000 | 00436nam a22001697a 4500 | ||
|---|---|---|---|
| 003 | SISC | ||
| 005 | 20161205034052.0 | ||
| 008 | 161205b xxu||||| |||| 00| 0 eng d | ||
| 020 | _a9780552156738 | ||
| 050 |
_aPZ 7 _b.C773 1996 |
||
| 100 | _aCookson, Catherine. | ||
| 245 |
_aThe branded man / _bCatherine Cookson. |
||
| 260 |
_aUK : _bCORGI Books, _c1996. |
||
| 300 |
_a476 pages ; _c19 cm. |
||
| 650 | _aFiction. | ||
| 942 |
_2lcc _cBK |
||
| 999 |
_c305356 _d305356 |
||